header

Lilith : (Record no. 255850)

MARC details
000 -LEADER
fixed length control field 01099cam a22003373a 4500
001 - CONTROL NUMBER
control field 14669243
003 - CONTROL NUMBER IDENTIFIER
control field OSt
005 - DATE AND TIME OF LATEST TRANSACTION
control field 20170301104620.0
008 - FIXED-LENGTH DATA ELEMENTS--GENERAL INFORMATION
fixed length control field 810921s1981 nyu 000 1 eng d
010 ## - LIBRARY OF CONGRESS CONTROL NUMBER
LC control number 8166665
020 ## - INTERNATIONAL STANDARD BOOK NUMBER
International Standard Book Number 034529369X :
Terms of availability $2.50
035 ## - SYSTEM CONTROL NUMBER
System control number (OCoLC)ocm07779152
System control number (OCoLC)7779152
040 ## - CATALOGING SOURCE
Original cataloging agency VVR
Transcribing agency VVR
Modifying agency BGU
-- OCLCQ
-- BTCTA
-- DLC
042 ## - AUTHENTICATION CODE
Authentication code lccopycat
050 00 - LIBRARY OF CONGRESS CALL NUMBER
Classification number CPB Box no. 2513 vol. 17
100 1# - MAIN ENTRY--PERSONAL NAME
Personal name Chalker, Jack L.
245 10 - TITLE STATEMENT
Title Lilith :
Remainder of title a snake in the grass /
Statement of responsibility, etc Jack L. Chalker.
250 ## - EDITION STATEMENT
Edition statement 1st ed.
260 ## - PUBLICATION, DISTRIBUTION, ETC. (IMPRINT)
Place of publication, distribution, etc New York :
Name of publisher, distributor, etc Ballantine Books,
Date of publication, distribution, etc 1981.
300 ## - PHYSICAL DESCRIPTION
Extent v, 248, [1] p. ;
Dimensions 18 cm.
490 0# - SERIES STATEMENT
Series statement Del Rey science fiction
Series statement The four lords of the Diamond / Jack L. Chalker ;
Volume number/sequential designation bk. 1
500 ## - GENERAL NOTE
General note "A Del Rey book."
655 #7 - INDEX TERM--GENRE/FORM
Genre/form data or focus term Science fiction.
Source of term gsafd
710 2# - ADDED ENTRY--CORPORATE NAME
Corporate name or jurisdiction name as entry element Copyright Paperback Collection (Library of Congress)
Institution to which field applies DLC
800 1# - SERIES ADDED ENTRY--PERSONAL NAME
Personal name Chalker, Jack L.
Title of a work Four lords of the Diamond ;
Volume/sequential designation bk. 1.
906 ## - LOCAL DATA ELEMENT F, LDF (RLIN)
a 7
b cbc
c copycat
d 2
e ncip
f 20
g y-genrareb
942 ## - ADDED ENTRY ELEMENTS (KOHA)
Source of classification or shelving scheme Library of Congress Classification
Koha item type Long Loan Books

No items available.

© 2026 Rongo University
Contact us: librarian | system librarian | Rongo university